01688nam a22002657a 4500003000900000008004100009040007100050082001800121110004400139245008300183246005100266260014700317300004800464505060100512650004001113650002901153650001701182700003601199700003301235700002301268700002401291700002401315700002701339710005601366AR-CdUCM190307b ||||| |||| 00| 0 spa d aMUNICIPALIDAD PROVINCIAL DEL CUSCOcBIBLIOTECA MUNICIPAL DEL CUSCO a985.04 / bP3 aInstituto "Libertador Ramón Castilla" aEl Perú y su independencia: bantología. Periodo 1819-1822: San Martín / aSesquicentenario de la Independencia Nacional. aLima : bInstituto "Libertador Ramón Castilla" : bCentro de estudios Histórico-Militares del Perú : b["Gráfica Industrial"], c1971. a3 volúmenes ; bmapas, dibujos ; c25 cm. aContenido v.1: La insurrección de Tupac Amaru y los origenes de la independencia de hispanoamericano, Una nueva carta a los españoles americanos de Vizcardo y Guzman, La revolución de la independencia del Perú --Volumen II: Historia del Perú independiente,San Martín en Pisco -- Primera campaña de arenales a la sierra y victoria del cerro de Pasco, La campaña de Quito y victoria de Pichincha, 1820-1822 -- Declaración, proclamación y jura de la independencia del Perú -- v.3: Historia de la independencia del Perú, Campañas de guerra de la independencia del Perú... aHistoria del Perú - Independencia aIndependencia del Perú aSan Martín aPuente Candamo, José A. de la aPaz Soldán, Mariano Felipe aBonilla, Manuel C. aDellepiane, Carlos  aBarra, Felipe de la aGamio Palcio, Fernando aCentro de estudios Histórico-Militares del Perú